The encyclopedia of the unexplained

Bibliographic Details
Main Author: Stone, Reuben
Format: Book
Published: Leicester : Blitz Editions , 1996
Subjects:

MARC

LEADER 00000cam a2200000 7i4500
001 0000021324
002 000023117
005 20071226.0
020 |a 1856051366 
090 0 0 |a 001.9   |b STO 
100 1 |a Stone, Reuben 
245 1 0 |a The encyclopedia of the unexplained   |c Reuben Stone 
260 |a Leicester :   |b Blitz Editions ,   |c 1996 
300 |a 80p. :   |b ill. ;   |c 27cm. 
650 0 0 |a Curiosities and wonders 
999 |a 068166   |b BUKU   |c RUJUKAN   |e PERPUSTAKAAN KOMUNITI PETALING JAYA